000 00504nam a2200181Ia 4500
001 4553
005 20260306145804.0
008 260306t2007||||xx |||||||||||||| ||spa||
041 _aESP
082 _a324.63
_bI59C
100 _aInstituto Interamericano de Derechos Humanos
_eAUT
245 0 _aElecciones, democracia y derechos humanos en las Américas:
_bBalance Analítico 2006
260 _c2007
300 _a66 páginas :
_c21 cm.
650 _aGEN
654 _aCDE
942 _cLIB
_dJUS
_fJUS
_2ddc
_n
999 _c4553
_d4553